Potenciál rezortu X Bionic Sphere v rámci kongresového cestovného ruchu a možnosti jeho rozvoja v podmienkach Slovenskej republiky diplomová práca

Saved in:
Bibliographic Details
Main Author: Niedelská, Alica
Corporate Author: Obchodná fakulta EU. Katedra cestovného ruchu
Other Authors: Čukanová, Miroslava, 1984-
Format: Book
Language:Slovak
Published: Bratislava 2025
Tags: Add Tag
No Tags, Be the first to tag this record!

MARC

LEADER 00000nbm a2200000 4500
001 0310371
005 20251118115015.2
041 0 |a slo 
044 |a SK 
245 1 0 |a Potenciál rezortu X Bionic Sphere v rámci kongresového cestovného ruchu a možnosti jeho rozvoja v podmienkach Slovenskej republiky  |b diplomová práca  |c Alica Niedelská ; školiteľ: Miroslava Čukanová 
264 1 |a Bratislava  |c 2025 
300 |a 59 s. 
100 1 |a Niedelská, Alica 
700 1 |a Čukanová, Miroslava, 1984- 
710 2 |a Obchodná fakulta EU. Katedra cestovného ruchu